[Event "Challenge"]
[Site "http://www.queenalice.com/game.php?id=324846"]
[Date "2007.12.23"]
[Round "-"]
[White "SardeBR"]
[Black "Trajan"]
[Result "1-0"]
[WhiteElo "1669"]
[BlackElo "1605"]

1. Nf3 f6 2. d4 d5 3. e3 Bg4 4. h3 Bxf3 5. Qxf3 e5 6. dxe5 fxe5 7. Qh5+ g6 8.
Qxe5+ Kd7 9. Qxd5+ Bd6 10. Qxb7 Nc6 11. Bb5 Ne7 12. Nc3 Ke8 13. Bxc6+ Kf8 14. e4
Rb8 15. Bh6+ Kf7 16. Bd5+ Ke8 17. Qxa7 Rxb2 18. Bg7 Kd7 19. Bxh8 Qxh8 20. O-O
Qxc3 21. Qa4+ c6 22. Qa7+ Kd8 23. Be6 Bc7 24. Rab1 Rxb1 25. Rxb1 Nc8 26. Bxc8
Kxc8 27. Qb7+ 1-0

[Event "Challenge"]
[Site "http://www.queenalice.com/game.php?id=325392"]
[Date "2007.12.24"]
[Round "-"]
[White "SardeBR"]
[Black "CampbellMarcel"]
[Result "0-1"]
[WhiteElo "1739"]
[BlackElo "1869"]

1. c4 e5 2. d3 Bc5 3. Bd2 Nf6 4. b4 Bxf2+ 5. Kxf2 Ng4+ 6. Ke1 Qf6 7. Nh3 e4 8.
e3 Qxa1 9. dxe4 d6 10. Qb3 Qf6 11. Be2 Qh4+ 12. g3 Qxh3 13. Bf1 Qh6 14. h3 Ne5
15. Be2 O-O 16. Nc3 c6 17. Kd1 Bxh3 18. Be1 Ng4 19. Bd2 Nf2+ 20. Kc1 Nxh1 21.
Bd3 Nf2 22. Ne2 Nxd3+ 23. Qxd3 Rd8 24. Qc2 Na6 25. a3 b5 26. Nd4 Rac8 27. Nf5
Bxf5 28. exf5 Qh1+ 29. Kb2 bxc4 30. Qxc4 Nc7 31. e4 d5 32. Qxc6 Qxe4 33. f6 Ne6
34. Qa4 Qd4+ 0-1

[Event "Let's Play Chess!"]
[Site "http://www.queenalice.com/game.php?id=327288"]
[Date "2007.12.29"]
[Round "-"]
[White "SardeBR"]
[Black "trallala"]
[Result "0-1"]
[WhiteElo "1737"]
[BlackElo "1785"]

1. d4 f5 2. Bg5 h6 3. Bh4 d6 4. f4 Nd7 5. Nf3 Ngf6 6. Nbd2 e6 7. h3 Be7 8. Bf2
O-O 9. e3 c6 10. Bd3 d5 11. Nh2 Ne4 12. Bxe4 fxe4 13. Qg4 Nf6 14. Qe2 c5 15. c3
c4 16. g4 Nh7 17. O-O b5 18. b4 a5 19. a3 axb4 20. axb4 Bb7 21. Rac1 Ra2 22. Bg3
Bh4 23. Bxh4 Qxh4 24. Qg2 Rfa8 25. Rf2 Ra1 26. Nb1 Nf8 27. g5 hxg5 28. Qxg5
Qxg5+ 29. fxg5 Ng6 30. Rcf1 e5 31. dxe5 Nxe5 32. Rf5 Nd3 33. Nd2 Rxf1+ 34. Ndxf1
Ra3 35. Ng4 Rxc3 36. g6 Nxb4 37. Rf7 Bc6 38. Rc7 Be8 39. Rc8 Kf8 40. Rc7 Bxg6
41. Ne5 Be8 42. Ng3 Nd3 43. Nd7+ Bxd7 44. Rxd7 b4 45. Rxd5 b3 46. Nxe4 Rc1+ 47.
Kh2 b2 48. Nd2 Rc2 49. Rd8+ Ke7 50. Rb8 Rxd2+ 51. Kg3 Rd1 52. Rb7+ Kd8 53. Rxg7
b1=Q 54. Rg8+ Ke7 55. Rg7+ Kf6 0-1

[Event "Let's Play Chess!"]
[Site "http://www.queenalice.com/game.php?id=327376"]
[Date "2007.12.29"]
[Round "-"]
[White "Marcelo_Araujo"]
[Black "SardeBR"]
[Result "0-1"]
[WhiteElo "1727"]
[BlackElo "1668"]

1. Nf3 c5 2. g3 Nc6 3. Bg2 d5 4. O-O e6 5. d4 h6 6. dxc5 Bxc5 7. Nbd2 Nf6 8. c4
Qb6 9. cxd5 Nxd5 10. Ne1 Nf6 11. Ne4 Ne5 12. Nxf6+ gxf6 13. Nd3 Ng6 14. Nxc5
Qxc5 15. b3 O-O 16. Bb2 e5 17. Rc1 Qe7 18. e3 Be6 19. Qh5 Kh7 20. Rc3 Qd7 21.
Bc1 Bg4 22. Qxg4 Qxg4 23. Bxb7 Rad8 24. Ba3 Rfe8 25. Rfc1 Rd1+ 26. Rxd1 Qxd1+
27. Kg2 Qd2 28. Rc7 Kg7 29. Be4 Qxa2 30. Rxa7 Qxb3 31. Bc5 Qc4 32. Bxg6 Qxc5 33.
Rxf7+ Kxg6 34. Rd7 Qc6+ 35. e4 Qxd7 36. h4 Qg4 37. f3 Qd7 38. Kf2 Qd2+ 39. Kf1
Rc8 40. f4 Rc1# 0-1

[Event "Challenge"]
[Site "http://www.queenalice.com/game.php?id=330301"]
[Date "2008.1.3"]
[Round "-"]
[White "SardeBR"]
[Black "leafar"]
[Result "1-0"]
[WhiteElo "1728"]
[BlackElo "1640"]

1. e4 e5 2. Nf3 d6 3. Bc4 Be7 4. d3 Nf6 5. h3 O-O 6. c3 Nc6 7. b4 Be6 8. Bxe6
fxe6 9. Ng5 Qd7 10. Be3 b5 11. a4 bxa4 12. Nf3 d5 13. exd5 exd5 14. Rxa4 e4 15.
Nd4 Nxd4 16. Bxd4 exd3 17. Rxa7 Rxa7 18. Bxa7 c6 19. Bd4 Re8 20. O-O Qf5 21. f3
Nh5 22. g4 Qg6 23. Rf2 Nf4 24. Qf1 Bf6 25. Kh2 Bxd4 26. cxd4 Re2 27. Nc3 1-0

[Event "Let's Play Chess!"]
[Site "http://www.queenalice.com/game.php?id=330328"]
[Date "2008.1.4"]
[Round "-"]
[White "SardeBR"]
[Black "spawnwolfwolverine"]
[Result "1-0"]
[WhiteElo "1728"]
[BlackElo "1737"]

1. c4 e5 2. d3 d6 3. g3 Nf6 4. Bh3 Bxh3 5. Nxh3 Be7 6. f4 exf4 7. Nxf4 O-O 8.
Be3 Nc6 9. a3 b6 10. Nc3 Ng4 11. Qd2 Nxe3 12. Qxe3 Bg5 13. Ne4 Bxf4 14. Qxf4 Nd4
15. Rc1 a5 16. Nc3 c5 17. Nd5 h6 18. e3 Re8 19. Kf2 Nb3 20. Rc2 a4 21. Kg2 f6
22. Rf1 Ra7 23. Rcf2 Re6 24. Qg4 Re5 25. Nxf6+ Kh8 26. Nd5 Ra6 27. Rf8+ Qxf8 28.
Rxf8+ Kh7 29. Nf6+ gxf6 30. Qg8# 1-0

[Event "Challe 02"]
[Site "http://www.queenalice.com/game.php?id=450788"]
[Date "2008.8.19"]
[Round "-"]
[White "sk137"]
[Black "SardeBR"]
[Result "0-1"]
[WhiteElo "1545"]
[BlackElo "1758"]

1. d4 d5 2. Bf4 Nc6 3. e3 f6 4. Bb5 Bd7 5. Qh5+ g6 6. Qxd5 e6 7. Qc4 g5 8. Bg3
h5 9. h4 gxh4 10. Bxh4 Qe7 11. Nd2 a6 12. Bxc6 Bxc6 13. Ngf3 Qb4 14. Qxe6+ Be7
15. O-O-O Bd7 16. Qe4 f5 0-1

[Event "Challe 03"]
[Site "http://www.queenalice.com/game.php?id=450789"]
[Date "2008.8.19"]
[Round "-"]
[White "MONALISA"]
[Black "SardeBR"]
[Result "1-0"]
[WhiteElo "2205"]
[BlackElo "1735"]

1. c4 d5 2. cxd5 Qxd5 3. Nc3 Qe5 4. d4 Qa5 5. Bd2 Qb4 6. e3 Qxb2 7. Bc4 Qb6 8.
Nf3 Bg4 9. O-O Bc8 10. Nd5 Qd6 11. e4 Na6 12. Bf4 Qd8 13. Bxa6 bxa6 14. Nxc7+
Qxc7 15. Bxc7 Nf6 16. Ne5 Nxe4 17. Qa4+ 1-0

[Event "Challe 04"]
[Site "http://www.queenalice.com/game.php?id=450790"]
[Date "2008.8.19"]
[Round "-"]
[White "alfabeto"]
[Black "SardeBR"]
[Result "0-1"]
[WhiteElo "1910"]
[BlackElo "1735"]

1. e4 e5 2. f4 f6 3. fxe5 Qe7 4. Nc3 Qxe5 5. Nf3 Qe6 6. d4 Bb4 7. Bd3 Bxc3+ 8.
bxc3 h5 9. Qe2 Ne7 10. O-O c6 11. c4 g5 12. d5 Qd6 0-1

[Event "Challe 05"]
[Site "http://www.queenalice.com/game.php?id=450792"]
[Date "2008.8.19"]
[Round "-"]
[White "strangy"]
[Black "SardeBR"]
[Result "1-0"]
[WhiteElo "1408"]
[BlackElo "1735"]

1. d4 e6 2. c4 c5 3. d5 g6 4. Nc3 a6 5. Nf3 f6 6. e4 e5 7. Bd3 d6 8. O-O g5 9.
Ne1 h5 10. Nc2 Qe7 11. Ne3 Nh6 12. Qxh5+ Nf7 13. Qf3 Nd8 14. h3 Qg7 15. Bc2 Rg8
16. Rb1 g4 17. Nxg4 Bxg4 18. Qxg4 Qxg4 19. hxg4 Rxg4 20. b4 Nf7 21. f3 Rg8 22.
bxc5 dxc5 23. Rxb7 Nd8 24. Ba4+ Nd7 25. Rxd7 Be7 26. Ra7+ Kf8 27. Rxa8 Rh8 28.
Be3 Kg7 29. Rb1 Nf7 30. Rxh8 Nxh8 31. Rb7 Ng6 32. Bxc5 Kf7 33. d6 Ke6 34. dxe7
Nxe7 35. Rxe7# 1-0